000 00467nam a22001817a 4500
999 _c526415
_d526415
003 NUST
020 _a-
038 _aZafar Malik
082 _a891.4931
_bLAS
100 _aLashari, Zafar
_915901
245 _aSaraiki Lok Sehray \
_cZafar Lashari
260 _aLahore :
_bAl-Faisal Nashran ;
_c-
300 _a260 p. ;
500 _aHardcover
880 _6100-02\r
_aظفر لاشاری
880 _6245-02\r
_aسرائیکی لوک سہرے
942 _2ddc
_cBK